Are vehicular rights extinguished on a reclassification of a RUPP under the Countryside Act 1968? (Record no. 75936)
[ view plain ]
| 000 -LEADER | |
|---|---|
| fixed length control field | 02059cab a2200313 4500 |
| 001 - CONTROL NUMBER | |
| control field | L131064 |
| 008 - FIXED-LENGTH DATA ELEMENTS--GENERAL INFORMATION | |
| fixed length control field | 050923n2005 000 0 eng u |
| 035 ## - SYSTEM CONTROL NUMBER | |
| System control number | (Sirsi) u131064 |
| 041 0# - LANGUAGE CODE | |
| Language code of text/sound track or separate title | eng |
| 100 ## - MAIN ENTRY--PERSONAL NAME | |
| Personal name | Sydenham, Angela |
| 245 ## - TITLE STATEMENT | |
| Title | Are vehicular rights extinguished on a reclassification of a RUPP under the Countryside Act 1968? |
| 260 ## - PUBLICATION, DISTRIBUTION, ETC. | |
| Date of publication, distribution, etc. | 2005 |
| 490 ## - SERIES STATEMENT | |
| Series statement | EMIS Property Service |
| Volume/sequential designation | 3(9) September 2005, 11-13(3) |
| 520 ## - SUMMARY, ETC. | |
| Summary, etc. | Considers whether roads used as a public path (RUPPs) as defined in the National Parks and Access to Countryside Act 1949 continue to be subject to vehicular rights when a RUPP is reclassified under the Countryside Act 1968. The current law set out in the Wildlife and Countryside Act 1981 S54 imposes a duty on the highway authority to reclassify RUPPs on the basis of rights which are shown to exist. Looks at "R v SOS for Environment, Food and Rural Affairs ex p Kind" ([2005 EWHC 1324 (Admin), L130404) which held that reclassification of a bridleway did not extinguish vehicular rights and that a modification order could be made under s53 of the 1981 Act on the basis of evidence showing that public vehicular rights existed over the route before reclassification. The duty to reclassify will cease when the Countryside and Rights of Way Act 2000 s47 comes into force. |
| 590 ## - LOCAL NOTE (RLIN) | |
| Local note | IKA270905 |
| 650 ## - SUBJECT ADDED ENTRY--TOPICAL TERM | |
| Topical term or geographic name entry element | NATIONAL PARKS AND ACCESS TO THE COUNTRYSIDE ACT 1949 S27(6) |
| 650 ## - SUBJECT ADDED ENTRY--TOPICAL TERM | |
| Topical term or geographic name entry element | NATIONAL PARKS AND ACCESS TO THE COUNTRYSIDE ACT 1949 S32(4)(B) |
| 650 ## - SUBJECT ADDED ENTRY--TOPICAL TERM | |
| Topical term or geographic name entry element | COUNTRYSIDE ACT 1968 SCHED 3 PARA 10 |
| 650 ## - SUBJECT ADDED ENTRY--TOPICAL TERM | |
| Topical term or geographic name entry element | PEARSON V SOS FOR ENVIRONMENT |
| 650 ## - SUBJECT ADDED ENTRY--TOPICAL TERM | |
| Topical term or geographic name entry element | FOWLER V SOS FOR ENVIRONMENT AND DEVON CC |
| 650 ## - SUBJECT ADDED ENTRY--TOPICAL TERM | |
| Topical term or geographic name entry element | NATIONAL PARKS AND ACCESS TO THE COUNTRYSIDE ACT 1949 S27(6) |
| 650 ## - SUBJECT ADDED ENTRY--TOPICAL TERM | |
| Topical term or geographic name entry element | WILDLIFE AND COUNTRYSIDE ACT 1981 S54 |
| 650 ## - SUBJECT ADDED ENTRY--TOPICAL TERM | |
| Topical term or geographic name entry element | R V SOS ENVIRONMENT EX P RILEY |
| 650 ## - SUBJECT ADDED ENTRY--TOPICAL TERM | |
| Topical term or geographic name entry element | R V SOS ENVIRONMENT EX P HOOD |
| 650 ## - SUBJECT ADDED ENTRY--TOPICAL TERM | |
| Topical term or geographic name entry element | COUNTRYSIDE AND RIGHTS OF WAY ACT 2000 S47 |
| 650 ## - SUBJECT ADDED ENTRY--TOPICAL TERM | |
| Topical term or geographic name entry element | R V SOS ENVIRONMENT, FOOD AND RURAL AFFAIRS EX P KIND |
| 690 ## - LOCAL SUBJECT ADDED ENTRY--TOPICAL TERM (OCLC, RLIN) | |
| Topical term or geographic name as entry element | Boundary disputes |
| 9 (RLIN) | 6221 |
| 942 ## - ADDED ENTRY ELEMENTS (KOHA) | |
| Suppress in OPAC | 0 |
| Withdrawn status | Lost status | Source of classification or shelving scheme | Damaged status | Not for loan | Home library | Current library | Shelving location | Date acquired | Total Checkouts | Full call number | Barcode | Date last seen | Copy number | Price effective from | Koha item type |
|---|---|---|---|---|---|---|---|---|---|---|---|---|---|---|---|
| Dewey Decimal Classification | London | London | Journal article | 23/09/2005 | L131064 | 131064-1001 | 06/08/2019 | 1 | 06/08/2019 | Journal article |